000 00306nam a22001217a 4500
008 160420b xxu||||| |||| 00| 0 eng d
020 _a9780781762403
020 _a07807817622403
041 _aeng
080 _a618.2
245 _aHealth Assessment in Nursing:
_cJanet Weber;Jane Kelley;
942 _2udc
_cBK
999 _c1464
_d1464